Anatomy, physiology, and disease : (Record no. 31739)

000 -LEADER
fixed length control field 01257cam a2200325 a 4500
001 - CONTROL NUMBER
control field 16810732
005 - DATE AND TIME OF LATEST TRANSACTION
control field 20230725154350.0
008 - FIXED-LENGTH DATA ELEMENTS--GENERAL INFORMATION
fixed length control field 110604s2011 njua p 001 0 eng
010 ## - LIBRARY OF CONGRESS CONTROL NUMBER
LC control number 2011414416
020 ## - INTERNATIONAL STANDARD BOOK NUMBER
International Standard Book Number 9780558823870
040 ## - CATALOGING SOURCE
Original cataloging agency DLC
Transcribing agency DLC
042 ## - AUTHENTICATION CODE
Authentication code pcc
050 00 - LIBRARY OF CONGRESS CALL NUMBER
Classification number R 130.3 .C65 2011
100 1# - MAIN ENTRY--PERSONAL NAME
Personal name Colbert, Bruce J.
245 10 - TITLE STATEMENT
Title Anatomy, physiology, and disease :
Remainder of title an interactive journey for health professions /
Statement of responsibility, etc. Bruce J. Colbert, Jeff Ankney, Karen T. Lee.
250 ## - EDITION STATEMENT
Edition statement Rev. 1st ed.
260 ## - PUBLICATION, DISTRIBUTION, ETC. (IMPRINT)
Place of publication, distribution, etc. Upper Saddle River, N.J. :
Name of publisher, distributor, etc. Pearson,
Date of publication, distribution, etc. c2011.
300 ## - PHYSICAL DESCRIPTION
Extent xxxv, 850 p. :
Other physical details col. ill. ;
Dimensions 28 cm. +
Accompanying material 2 CD-ROM (4 3/4 in.)
500 ## - GENERAL NOTE
General note Includes index.
650 #0 - SUBJECT ADDED ENTRY--TOPICAL TERM
Topical term or geographic name as entry element Medical sciences
Form subdivision Programmed instruction.
650 #0 - SUBJECT ADDED ENTRY--TOPICAL TERM
Topical term or geographic name as entry element Medical sciences
General subdivision Terminology
Form subdivision Programmed instruction.
650 #0 - SUBJECT ADDED ENTRY--TOPICAL TERM
Topical term or geographic name as entry element Human anatomy
General subdivision Terminology
Form subdivision Programmed instruction.
650 #0 - SUBJECT ADDED ENTRY--TOPICAL TERM
Topical term or geographic name as entry element Human physiology
General subdivision Terminology
Form subdivision Programmed instruction.
650 #0 - SUBJECT ADDED ENTRY--TOPICAL TERM
Topical term or geographic name as entry element Pathology
General subdivision Terminology
Form subdivision Programmed instruction.
700 1# - ADDED ENTRY--PERSONAL NAME
Personal name Ankney, Jeff.
700 1# - ADDED ENTRY--PERSONAL NAME
Personal name Lee, Karen J.
906 ## - LOCAL DATA ELEMENT F, LDF (RLIN)
a 7
b cbc
c origcop
d 2
e ncip
f 20
g y-gencatlg
942 ## - ADDED ENTRY ELEMENTS (KOHA)
Source of classification or shelving scheme
Koha item type Hard Covered Materials
Classification part R 130.3 .C65 2011
Holdings
Withdrawn status Lost status Source of classification or shelving scheme Damaged status Not for loan Home library Current library Shelving location Date acquired Source of acquisition Total Checkouts Full call number Barcode Date last seen Price effective from Koha item type
          MACHAKOS UNIVERSITY LIBRARY MACHAKOS UNIVERSITY LIBRARY Open shelf 25/07/2023 Donation (kimanzi)   R 130.3 .C65 2011 39542 25/07/2023 25/07/2023 Hard Covered Materials
© Machakos University Library, Along The Highway, Machakos Wote Rd, Machakos, Kenya P.O. Box 136 - 90100 Machakos - Kenya

Tel: ( +254 ) 723 805829 OR Fax : 044-20353 OR Email: library@mksu.ac.ke